00869nam a22002177a 4500999001900000005001700019010001500036020002700051035001500078037001400093082001200107245010700119260005500226270008900281300003000370500006100400700002000461700001800481942002600499952012600525 c158457d15845720181030114024.0 aENG-124405 c1095.00a9789352807659 a EN-107937 bDBAD/PUB. a338.954 aKerala's economic development:ced.by B.A. Prakash [and] Jerry Alwinbemerging issues and challenges / aNew DelhibSage Publications India Pvt. Ltd.c2018 aB1/I-1, Mohan Cooperative Industrial Area Mathura Road Post Bag 7bNew Delhie110044 axi,411p.c21cm.(Hb)bill. aIt includes about the editors and contributors and index a Prakash, B.A. a Alwin, Jerry 2ddccENmKERh338.954 001040718NFICaDBADbBNd2018-10-30eDBAD/PUBg1095.00l0o338.954 KERpEN-107937r2018-10-30 00:00:00t1v1095.00yEN